| 000 | 00571nam a2200229Ia 4500 | ||
|---|---|---|---|
| 003 | OSt | ||
| 005 | 20221005123406.0 | ||
| 006 | a|||||r|||| 00| 0 | ||
| 007 | ta | ||
| 008 | 221004b |||||||| |||| 00| 0 eng d | ||
| 024 | _a67724 | ||
| 037 | _cTextual | ||
| 040 |
_aCRL _cCRL _beng |
||
| 041 |
_2eng _aeng |
||
| 082 | _aWxL23, C6, C61 | ||
| 100 | _aSmith | ||
| 245 | 0 | _aLectures on justice, police, revenue and arms | |
| 260 | _c1896 | ||
| 650 | _aPOLITICAL SCIENCE | ||
| 942 |
_hWxL23, C6, C61 _cTEXL _2cc |
||
| 999 |
_c1047292 _d1047292 |
||